000 00591nam a2200181Ia 4500
003 GCL
008 140319s9999 xx 000 0 ara d
040 _aGCL /
_cGCL
082 0 4 _a016
_bن م
100 1 _aنعمات احمد فؤاد
245 1 0 _aموسوعة من عيون الكتب فى التاريخ والفنون /
_cنعمات احمد فؤاد
250 _aالاولى
260 _aالقاهرة :
_bالمكتبة الاكاديمية ،
_c2003
300 _a2-214-281-977 ؛
_c24 سم
650 0 4 _aالكتب
650 0 4 _aالبيلوجرافيات
942 _2ddc
_cBK
999 _c5363
_d5363